| 000 | 00830 a2200205 4500 | ||
|---|---|---|---|
| 020 | _a0521828155 | ||
| 040 |
_aDLC _bDLC |
||
| 082 | 0 | 0 | _a621.3845 |
| 100 | 1 | _aRichardson, Andrew, | |
| 245 | 1 | 0 |
_aWCDMA design handbook _cAndrew Richardson. |
| 260 |
_aCambridge ; _aNew York : _bCambridge Univeristy Press, _c2005. |
||
| 300 |
_axxiv, 565 p. : _bill. ; _c25 cm. |
||
| 650 | 0 | _aCode division multiple access | |
| 650 | 0 | _aWireless communication systems | |
| 650 | 0 | _aMobile communication systems | |
| 856 | 4 | 2 |
_3Publisher description _uhttp://www.loc.gov/catdir/description/cam041/2003058670.html |
| 856 | 4 | 2 |
_3Table of contents _uhttp://www.loc.gov/catdir/toc/cam041/2003058670.html |
| 856 | 4 | 2 |
_3Contributor biographical information _uhttp://www.loc.gov/catdir/enhancements/fy0732/2003058670-b.html |
| 942 |
_cBK _k621.3845 RIC _2ddc |
||
| 999 |
_c8388 _d8388 |
||